| 000 | 00560nam a22001695i 4500 | ||
|---|---|---|---|
| 001 | 168352 | ||
| 003 | ES-MaACL | ||
| 005 | 20230906213745.0 | ||
| 008 | 080327s1841 sp |||| | spa d | ||
| 080 | _a336.24(460)"18" | ||
| 245 | 0 | 1 | _a[Proyecto de ley para la ejecución de los aranceles]. |
| 260 |
_a[Madrid : _bs.n., _c1841?] |
||
| 300 |
_aP. [3]-109 p. ; _c20 cm. |
||
| 594 | _aTítulo tomado de la primera página de texto conservada. | ||
| 650 | 4 |
_aAranceles de aduanas- _zEspaña- _yS.XIX. _99930 |
|
| 852 | 4 |
_aES-MaACL _jT-12-F-4 _z- Falto de port. |
|
| 999 |
_c168352 _d168352 |
||